01460nam a2200409 450000500170000000800370001702000180005404100080007208200200008024500490010025000180014930000290016749000460019650000550024250000460029765000300034365000770037365000320045065000500048270000340053270000280056670000310059470000260062570000240065170000390067570000240071470000280073870000540076670000360082094200130085626400430086933600270091233700330093933800280097204000350100099900150103520220317001834.0170410s2010 c g 000 0 s a9789587470390 aENG04a791.436581bD3200a10 películas de guerrahvideodisco digital a1a. edición aDVDbsonido,colorc12 cm aCine club películas para coleccionistas aIncluye libro con las reseñas de las películas aPelículas con subtítulos en español142LEMBaGuerravVideodiscos142LEMBaPelículas cinematográficasvColeccionesvVideodiscosySiglo XX142LEMBaSoldadosvVideodiscos142LEMBaCine históricovVideodiscosySiglo XX1 aLean, Davidd1908-19919777661 aThompson, J. Lee9777671 aFrankenheimer, John9777681 aKeaton, Buster9777691 aConway, Jack9777701 aKubrick, Stanleyd1928-19999777711 a Walker, Hal9777721 aZinnermann, Fred9777731 aEisenstein, Sergei Mikhailovichd1898-19489777741 aKorda, Zoltand1895-1961977775 2ddccDVD aBogotábFonolibros de Colombiac2010 atextobtxt2rdacontent asin mediaciónbn2rdamedia avolumenbnc2rdacarrier aCO-BoRNBPbspaerdacCO-BoRNBP c8269d8269